000 00446nam a22001697a 4500
003 MPLRDC
005 20220104144022.0
008 210129b ||||| |||| 00| 0 eng d
082 _a297.6 ERI
100 _a厄里希.丰.丹尼肯著
245 _a众神之车? 历史上的未解之谜
_c
250 _a初版
260 _a
_b上海科学技术出版社
_c1981
300 _b
650 _a异象奇闻; 奇迹
942 _cBK
_o297.6 ERI
999 _c45600
_d45590